Capitales contenant la lettre L - Statistiques

Statistiques générales
  • Ce quiz a été pris 961 fois
    792 depuis la dernière actualisation
  • Le résultat moyen est 41 sur 55
Statistiques - réponses
Afrique % Correct
Londres
95%
Lisbonne
94%
Alger
89%
Berlin
89%
Brasilia
89%
Lima
88%
Luxembourg
87%
Wellington
87%
Bruxelles
86%
Dublin
86%
Le Caire
86%
Tallinn
85%
La Valette
84%
Ljubljana
84%
Vilnius
84%
Helsinki
83%
Oslo
83%
Andorre-la-Vieille
81%
Bratislava
81%
La Havane
80%
Stockholm
80%
Belgrade
79%
Jérusalem
79%
Lomé
78%
New Delhi
78%
Libreville
77%
Manille
77%
Brazzaville
76%
Luanda
76%
La Paz
75%
Oulan-Bator
74%
Séoul
73%
Tripoli
73%
Kuala Lumpur
71%
Belmopan
70%
Islamabad
70%
Port-Louis
69%
Lilongwe
68%
Malé
68%
Guatemala
67%
Kigali
67%
Le Cap / Bloemfontein
67%
San Salvador
67%
Tbilissi
65%
Kaboul
64%
Kampala
64%
Lusaka
64%
Port-Vila
63%
Tegucigalpa
63%
Malabo
59%
Dili
58%
Palikir
58%
Banjul
57%
Melekeok / Ngerulmud
55%
Nuku'alofa
55%
Aucun quiz correspondant
Distribution des résultats
% des personnes avec chaque résultat
Percentile par nombre de réponses
Votre historique - résultats
Vous n’avez pas pris ce quiz depuis la dernière actualisation